000 00345 a2200157 4500
001 48348
020 _a8532252052
040 _cAnchieta - Bela Vista
100 _aMachado, Ana Maria
240 1 0 _aDona Baratinha
_lpor
245 1 0 _aDona Baratinha
300 _a31 p.
362 0 _a2004
650 4 _aLiteratura infanto-juvenil
942 _cBK
999 _c48348
_d48348